| 000 | 00395nam a22001457a 4500 | ||
|---|---|---|---|
| 003 | MACL | ||
| 005 | 20190607163321.0 | ||
| 008 | 190607b xxu||||| |||| 00| 0 eng d | ||
| 040 | _cMACL | ||
| 100 |
_aMukherjee,Prithwindra _975269 |
||
| 245 | _aBagh Jatin Life and Times of Jatindranath Mukherjee | ||
| 260 |
_aDelhi _bNational Book Trust _c2010 |
||
| 650 |
_aBiography _975270 |
||
| 942 |
_2ddc _cBK |
||
| 999 |
_c60073 _d60073 |
||